|
|
|
|
| LEADER |
00000nam0a2200000 4500 |
| 001 |
319933 |
| 005 |
20231102003228.0 |
| 010 |
|
|
|a 9785394025310
|
| 035 |
|
|
|a (RuTPU)RU\TPU\book\345456
|
| 035 |
|
|
|a RU\TPU\book\220497
|
| 090 |
|
|
|a 319933
|
| 100 |
|
|
|a 20111010d2016 m y0rusy50 ca
|
| 101 |
0 |
|
|a rus
|
| 102 |
|
|
|a RU
|
| 105 |
|
|
|a a j 000zy
|
| 200 |
1 |
|
|a Организация и управление коммерческой деятельностью
|e учебник для вузов
|f Л. П. Дашков, О. В. Памбухчиянц
|
| 205 |
|
|
|a 2-е изд., перераб.
|
| 210 |
|
|
|a Москва
|c Дашков и К
|d 2016
|
| 215 |
|
|
|a 399 с.
|c ил.
|
| 225 |
1 |
|
|a Учебные издания для бакалавров
|
| 330 |
|
|
|a Учебник подготовлен в соответствии с требованиями Федерального государственного образовательного стандарта высшего профессионального образования по направлению подготовки "Товароведение" (квалификация бакалавр). С учетом современного опыта, с использованием действующих нормативных правовых документов рассматриваются основные этапы коммерческой деятельности в торговле, а также вопросы организации и технологии торговых процессов на предприятиях оптовой и розничной торговли. Отдельные разделы учебника посвящены управлению торгово-технологическим процессом и организации труда в торговле, транспортному обеспечению торговой деятельности и ее правовому регулированию. Для студентов высших учебных заведений, обучающихся по направлению подготовки "Товароведение", квалификации — бакалавр, а также специалистов коммерческих служб торговых организаций, начинающих предпринимателей и слушателей школ бизнеса.
|
| 606 |
1 |
|
|a Коммерческая деятельность
|2 stltpush
|3 (RuTPU)RU\TPU\subj\27888
|9 51559
|
| 610 |
1 |
|
|a коммерция
|
| 610 |
1 |
|
|a торговля
|
| 610 |
1 |
|
|a организация
|
| 610 |
1 |
|
|a управление
|
| 610 |
1 |
|
|a товародвижение
|
| 610 |
1 |
|
|a торговые организации
|
| 610 |
1 |
|
|a коммерческая тайна
|
| 610 |
1 |
|
|a информационное обеспечение
|
| 610 |
1 |
|
|a коммерческие риски
|
| 610 |
1 |
|
|a договоры
|
| 610 |
1 |
|
|a договор купли-продажи
|
| 610 |
1 |
|
|a оптовая торговля
|
| 610 |
1 |
|
|a розничная торговля
|
| 610 |
1 |
|
|a закупочная деятельность
|
| 610 |
1 |
|
|a оптовые ярмарки
|
| 610 |
1 |
|
|a биржевая торговля
|
| 610 |
1 |
|
|a аукционы
|
| 610 |
1 |
|
|a ассортимент
|
| 610 |
1 |
|
|a ассортиментная политика
|
| 610 |
1 |
|
|a товарные запасы
|
| 610 |
1 |
|
|a лизинг
|
| 610 |
1 |
|
|a франчайзинг
|
| 610 |
1 |
|
|a факторинг
|
| 610 |
1 |
|
|a бартер
|
| 610 |
1 |
|
|a реклама
|
| 610 |
1 |
|
|a классификация
|
| 610 |
1 |
|
|a транспортное обеспечение
|
| 610 |
1 |
|
|a грузовые перевозки
|
| 610 |
1 |
|
|a тарифы
|
| 610 |
1 |
|
|a автомобильные перевозки
|
| 610 |
1 |
|
|a воздушные перевозки
|
| 610 |
1 |
|
|a водные перевозки
|
| 610 |
1 |
|
|a упаковка
|
| 610 |
1 |
|
|a складское хозяйство
|
| 610 |
1 |
|
|a оборудование
|
| 610 |
1 |
|
|a хранение
|
| 610 |
1 |
|
|a товароснабжение
|
| 610 |
1 |
|
|a магазины
|
| 610 |
1 |
|
|a покупатели
|
| 610 |
1 |
|
|a обслуживание
|
| 610 |
1 |
|
|a потери
|
| 610 |
1 |
|
|a расчеты
|
| 610 |
1 |
|
|a организация труда
|
| 610 |
1 |
|
|a должностные обязанности
|
| 610 |
1 |
|
|a управление
|
| 610 |
1 |
|
|a режим работы
|
| 610 |
1 |
|
|a государственный контроль
|
| 610 |
1 |
|
|a защита прав потребителей
|
| 610 |
1 |
|
|a продажи
|
| 610 |
1 |
|
|a санитарные правила
|
| 610 |
1 |
|
|a пожарная безопасность
|
| 610 |
1 |
|
|a учебники
|
| 686 |
|
|
|a У9(2)42я73
|v LBC/SL-A
|2 rubbk
|
| 700 |
|
1 |
|a Дашков
|b Л. П.
|g Леонид Павлович
|
| 701 |
|
1 |
|a Памбухчиянц
|b О. В.
|g Ольга Валерьевна
|
| 801 |
|
1 |
|a RU
|b 63413507
|c 20160617
|
| 801 |
|
2 |
|a RU
|b 63413507
|c 20160920
|g RCR
|
| 900 |
|
|
|a Организация коммерции по сферам применения
|
| 900 |
|
|
|a Коммерческая деятельность
|
| 900 |
|
|
|a Коммерческое право
|
| 942 |
|
|
|c BK
|
| 951 |
|
|
|l 8.1
|
| 959 |
|
|
|a 46/20160617
|d 1
|e 374,00
|f ЧЗГЛ:1
|